Assessment of corporate sector value and vulnerability : (Record no. 14506)

000 -LEADER
fixed length control field 00584cam a22001934a 4500
020 ## - INTERNATIONAL STANDARD BOOK NUMBER
ISBN 0821346032
040 ## - CATALOGING SOURCE
Transcribing agency DLC
082 00 - DEWEY DECIMAL CLASSIFICATION NUMBER
Classification number 338 WOR 1999 A067 Or.
100 1# - MAIN ENTRY--AUTHOR NAME
Personal name Gray, Dale,
245 10 - TITLE STATEMENT
Title Assessment of corporate sector value and vulnerability :
Remainder of title links to exchange rate and financial crises /
260 ## - PUBLICATION, DISTRIBUTION, ETC. (IMPRINT)
Place of publication Washington, DC :
Name of publisher World Bank,
Year of publication 1999.
300 ## - PHYSICAL DESCRIPTION
Number of Pages vii, 44 p. :
Other physical details ill. ;
Dimensions 28 cm.
650 #0 - SUBJECT ADDED ENTRY--TOPICAL TERM
Topical Term Corporations
650 #0 - SUBJECT ADDED ENTRY--TOPICAL TERM
Topical Term Corporations
650 #0 - SUBJECT ADDED ENTRY--TOPICAL TERM
Topical Term Foreign exchange rates
650 #0 - SUBJECT ADDED ENTRY--TOPICAL TERM
Topical Term Banks and banking, International
650 #0 - SUBJECT ADDED ENTRY--TOPICAL TERM
Topical Term Financial crises
942 ## - ADDED ENTRY ELEMENTS (KOHA)
Koha item type សៀវភៅភាសាអង់គ្លេស
952 ## - LOCATION AND ITEM INFORMATION (KOHA)
Withdrawn status [LOCAL, KOHA] 0
Holdings
Permanent Location Date acquired Koha item type Lost status Shelving location Barcode Current Location Full call number
Library Block A2017-10-18សៀវភៅភាសាអង់គ្លេស A067A08369Library Block A338 WOR 1999 A067 Or.
មជ្ឈមណ្ឌលឯការនៃសាកលវិទ្យាល័យភូមិន្ទកសិកម្មចំការដូង

Powered by Koha